000 00876nam a22002777a 4500
003 CHAP
005 20220329135549.0
008 971013s1951 r 00010 d
010 _a38574
011 _a39546
035 _a43667
040 _cCHAP
082 _a917.21
_bE8
100 0 0 _aEspejo, José A.
_937832
245 _aGeografía del estado de Chihuahua ; texto oficial para uso de las escuelas primarias
260 _aMéxico, D. F. :
_bEl Nacional,
_c(1951)
300 _a94 p.
_b: ilus.
590 _aBATCH-UPD
_b10
_c20130110
_lUCH01
_h2124
590 _aBATCH-UPD
_b10
_c20130410
_lUCH01
_h1434
590 _aBATCH-UPD
_b10
_c20130914
_lUCH01
_h0922
590 _aCONVERSION
_b10
_c20130109
_lUCH01
_h1321
650 1 4 _aChihuahua
_xGeografía.
_922300
901 _aBK
942 _cLIBRO
949 _a917.21 E8
_bBC
_cLIBRO
_d33724000128427
_eLIBRO
_h25763
_i43667
_mD
_si
999 _c38574
_d38574